| 000 | 005530000a22001810004500 | ||
|---|---|---|---|
| 003 | MACL | ||
| 005 | 20160403161617.0 | ||
| 008 | 160403b xxu||||| |||| 00| 0 eng d | ||
| 040 |
_aMACL _cMACL |
||
| 041 | _aHindi | ||
| 082 | _a330 | ||
| 100 |
_aबिमल जालान _950422 |
||
| 245 | _a21वीं सदी में भारतीय अर्थव्यवस्था | ||
| 260 |
_bप्रभात प्रकाशन _c2005 _aदिल्ली |
||
| 350 | _a200 | ||
| 650 |
_aNovel _950423 |
||
| 942 |
_cHIN _k330 _2ddc |
||
| 999 |
_c12451 _d12451 |
||